000 01134ntaaa2200349 4500
003 01
005 20251027203309.0
008 0714s1973 ag 01
040 _aAR-BaBN
_bspa
_cAR-BaBN
_eaacr
_dRIC
082 _a241.642 K52
100 _a[s.n.]
_92840
245 _aKeys to bioethics :
_bclaves de la bioética /
_cs.n.
260 _aBrasilia :
_bComissão Nacional da Pastoral Familiar,
_c2013
300 _a80 p. ;
_cil. col. ; 15 cm.
500 _aEd. original: Fondation Jérôme Lejeune
500 _aGlosario: p. 76
500 _aBibliografía: p. 77
500 _aBiografía de Jérôme Lejeune: p. 78
500 _aIncluye reflexiones éticas, testimonios y lo que dice la Iglesia al respecto
505 _tHistoria de un ser humano pequeño
505 _tEl aborto
505 _tEl diagnóstico prenatal
505 _tLa reproducción asistida
505 _tDiagnóstico preimplantatorio
505 _tInvestigación con embriones
505 _tEutanasia
505 _tDonación de órganos
505 _tLa teoría de género.
650 _aBIOETICA
650 _aETICA CRISTIANA
942 _cBK
999 _c28466
_d28466